Indonesian Province Capitals Quiz - Statistics

General Stats
  • This quiz has been taken 1,188 times
  • The average score is 25 of 37
Answers on the Map
Answers color-coded by a green-red scale on the quiz's map according to % correct below.
 
Answer Stats
Province Capital % Correct
Bali Denpasar
94%
East Java Surabaya
92%
West Java Bandung
90%
North Sumatra Medan
88%
Central Java Semarang
88%
Aceh Banda Aceh
85%
West Sumatra Padang
81%
South Sumatra Palembang
81%
Banten Serang
81%
Lampung Bandar Lampung
80%
South Sulawesi Makassar
79%
Special Region ofYogyakarta Yogyakarta
78%
Papua Jayapura
75%
West Kalimantan Pontianak
73%
East Kalimantan Samarinda
72%
North Sulawesi Manado
71%
Riau Pekanbaru
71%
Central Sulawesi Palu
70%
Jambi Jambi
68%
Maluku Ambon
66%
Gorontalo Gorontalo
66%
Bengkulu Bengkulu
65%
East Nusa Tenggara Kupang
65%
Bangka Belitung Islands Pangkalpinang
65%
Central Kalimantan Palangka Raya
63%
Riau Islands Tanjungpinang
60%
West Nusa Tenggara Mataram
59%
South Papua Merauke
54%
Southeast Sulawesi Kendari
51%
West Papua Manokwari
50%
South Kalimantan Banjarbaru
49%
North Maluku Sofifi
48%
Highland Papua Jayawijaya
47%
West Sulawesi Mamuju
47%
North Kalimantan Tanjung Selor
47%
Southwest Papua Sorong
45%
Central Papua Nabire
38%
No matching quizzes found
Score Distribution
Percent of People with Each Score
Percentile by Number Answered
Your Score History
You have not taken this quiz